El ponche de los deseos

Gespeichert in:
Bibliographische Detailangaben
1. Verfasser: Ende, Michael (VerfasserIn)
Format: Buch
Sprache:Spanisch
Veröffentlicht: Madrid SM 1997
Ausgabe:7a. ed
Schriftenreihe:El Barco de Vapor
Schlagworte:
Tags: Tag hinzufügen
Keine Tags, Fügen Sie den ersten Tag hinzu!

MARC

LEADER 00000nam a2200000 a 4500
001 UCH8571
003 CL-VaPUC
008 091127e19971100SP |||||||||||||||||spa|d
020 |a 8434844419 
082 0 4 |a 833  |b END  |2 21 
100 0 |a Ende, Michael  |e author  |9 237 
245 1 3 |a El ponche de los deseos 
250 |a 7a. ed 
300 |a 172 p 
942 |c BK 
945 |d 20091127 00:00:00  |a lazolas 
260 |a Madrid  |b SM  |c 1997 
500 |a Traducido por Jesús Larriba y Marinella Terzi 
650 0 |a Literatura alemana   |9 265457 
650 0 |a Novelas juveniles  |9 545094 
650 0 |a Novelas alemanas   |9 265783 
583 |a last modification  |c 20091127 00:00:00  |k Rodrigo Vera 
490 0 |a El Barco de Vapor 
999 |c 338782  |d 338780